MARC details
| 000 -LEADER |
| fixed length control field |
02553nam a2200697 i 4500 |
| 001 - CONTROL NUMBER |
| control field |
991053166531805066 |
| 003 - CONTROL NUMBER IDENTIFIER |
| control field |
NyNyJPI |
| 005 - DATE AND TIME OF LATEST TRANSACTION |
| control field |
20260410165431.0 |
| 008 - FIXED-LENGTH DATA ELEMENTS--GENERAL INFORMATION |
| fixed length control field |
251209s2025 pl ho |001 0 pol c |
| 009 - PHYSICAL DESCRIPTION FIXED-FIELD FOR ARCHIVAL COLLECTION (VM) [OBSOLETE] |
| fixed length control field |
b1000007552050 |
| 015 ## - NATIONAL BIBLIOGRAPHY NUMBER |
| National bibliography number |
UWD 2026/2650 |
| 020 ## - INTERNATIONAL STANDARD BOOK NUMBER |
| International Standard Book Number |
9788381969857 |
| Qualifying information |
(oprawa miękka) |
| 020 ## - INTERNATIONAL STANDARD BOOK NUMBER |
| Canceled/invalid ISBN |
9788381969864 |
| Qualifying information |
(całość) : |
| Terms of availability |
zł 219 |
| 035 ## - SYSTEM CONTROL NUMBER |
| System control number |
(PL)b1000007552050 |
| 035 ## - SYSTEM CONTROL NUMBER |
| System control number |
(EXLNZ-48OMNIS_NETWORK)9915231862705606 |
| 040 ## - CATALOGING SOURCE |
| Original cataloging agency |
GD U |
| Transcribing agency |
GD U |
| Modifying agency |
GD U |
| -- |
WA U |
| -- |
POZN M |
| -- |
Ł M |
| -- |
WA N |
| -- |
GD U |
| -- |
KR U |
| -- |
WA N |
| -- |
KR U |
| -- |
LUBL KUL |
| -- |
LUBL U |
| 045 2# - TIME PERIOD OF CONTENT |
| Formatted 9999 B.C. through C.E. time period |
d1608 |
| -- |
d2020 |
| 046 ## - SPECIAL CODED DATES |
| Beginning or single date created |
2025 |
| Single or starting date for aggregated content |
1608 |
| Ending date for aggregated content |
2020 |
| 080 ## - UNIVERSAL DECIMAL CLASSIFICATION NUMBER |
| Field link and sequence number |
1.1\x |
| Universal Decimal Classification number |
94(73) |
| 080 ## - UNIVERSAL DECIMAL CLASSIFICATION NUMBER |
| Field link and sequence number |
1.2\x |
| Universal Decimal Classification number |
314.15-026.49(=162.1) |
| 080 ## - UNIVERSAL DECIMAL CLASSIFICATION NUMBER |
| Field link and sequence number |
1.2\x |
| Universal Decimal Classification number |
(093) |
| 084 ## - OTHER CLASSIFICATION NUMBER |
| Classification number |
01 |
| 245 00 - TITLE STATEMENT |
| Title |
Polonia amerykańska o sobie : |
| Remainder of title |
źródła do historii 1608-2020 / |
| Statement of responsibility, etc. |
pod redakcją Anny Jaroszyńskiej-Kirchmann i Jamesa S. Puli. |
| 250 ## - EDITION STATEMENT |
| Edition statement |
Wydanie pierwsze. |
| 260 ## - PUBLICATION, DISTRIBUTION, ETC. |
| Place of publication, distribution, etc. |
Warszawa : |
| Name of publisher, distributor, etc. |
Państwowy Instytut Wydawniczy, |
| Date of publication, distribution, etc. |
2025. |
| 300 ## - PHYSICAL DESCRIPTION |
| Extent |
616 stron : |
| Other physical details |
faksymilia, fotografie ; |
| Dimensions |
24 cm. |
| 336 ## - CONTENT TYPE |
| Content type term |
Tekst |
| Content type code |
txt |
| Source |
rdacontent |
| 337 ## - MEDIA TYPE |
| Media type term |
Bez urządzenia pośredniczącego |
| Media type code |
n |
| Source |
rdamedia |
| 338 ## - CARRIER TYPE |
| Carrier type term |
Wolumin |
| Carrier type code |
nc |
| Source |
rdacarrier |
| 380 ## - FORM OF WORK |
| Form of work |
Książki |
| 380 ## - FORM OF WORK |
| Form of work |
Publikacje naukowe |
| 388 1# - TIME PERIOD OF CREATION |
| Time period of creation term |
1601-1700 |
| 388 1# - TIME PERIOD OF CREATION |
| Time period of creation term |
1701-1800 |
| 388 1# - TIME PERIOD OF CREATION |
| Time period of creation term |
1801-1900 |
| 388 1# - TIME PERIOD OF CREATION |
| Time period of creation term |
1901-2000 |
| 388 1# - TIME PERIOD OF CREATION |
| Time period of creation term |
2001- |
| 500 ## - GENERAL NOTE |
| General note |
Wydane w etui w komplecie z: Chleb i nadzieja : Polonia amerykańska do 1939 roku / Adam Walaszek oraz Fale i pokolenia : Polonia amerykańska po 1939 roku / Joanna Wojdon |
| 504 ## - BIBLIOGRAPHY, ETC. NOTE |
| Bibliography, etc. note |
Bibliografia na stronach 591-598. Indeks. |
| 530 ## - ADDITIONAL PHYSICAL FORM AVAILABLE NOTE |
| Additional physical form available note |
Książka dostępna jako e-book. |
| 536 ## - FUNDING INFORMATION NOTE |
| Text of note |
Współfinansowanie: Narodowe Centrum Nauki, Ministerstwo Kultury i Dziedzictwa Narodowego (Polska) |
| 648 #7 - SUBJECT ADDED ENTRY--CHRONOLOGICAL TERM |
| Chronological term |
1601-1700 |
| Source of heading or term |
DBN |
| 648 #7 - SUBJECT ADDED ENTRY--CHRONOLOGICAL TERM |
| Chronological term |
1701-1800 |
| Source of heading or term |
DBN |
| 648 #7 - SUBJECT ADDED ENTRY--CHRONOLOGICAL TERM |
| Chronological term |
1801-1900 |
| Source of heading or term |
DBN |
| 648 #7 - SUBJECT ADDED ENTRY--CHRONOLOGICAL TERM |
| Chronological term |
1901-2000 |
| Source of heading or term |
DBN |
| 648 #7 - SUBJECT ADDED ENTRY--CHRONOLOGICAL TERM |
| Chronological term |
2001- |
| Source of heading or term |
DBN |
| 650 #7 - SUBJECT ADDED ENTRY--TOPICAL TERM |
| Topical term or geographic name entry element |
Obyczaje i zwyczaje |
| Source of heading or term |
DBN |
| 650 #7 - SUBJECT ADDED ENTRY--TOPICAL TERM |
| Topical term or geographic name entry element |
Polacy za granicą |
| Source of heading or term |
DBN |
| 650 #7 - SUBJECT ADDED ENTRY--TOPICAL TERM |
| Topical term or geographic name entry element |
Stosunki etniczne |
| Source of heading or term |
DBN |
| 650 #7 - SUBJECT ADDED ENTRY--TOPICAL TERM |
| Topical term or geographic name entry element |
Tożsamość narodowa |
| Source of heading or term |
DBN |
| 650 #0 - SUBJECT ADDED ENTRY--TOPICAL TERM |
| Topical term or geographic name entry element |
Polish Americans |
| General subdivision |
History |
| Form subdivision |
Sources. |
| 651 #7 - SUBJECT ADDED ENTRY--GEOGRAPHIC NAME |
| Geographic name |
Stany Zjednoczone (USA) |
| Source of heading or term |
DBN |
| 655 #7 - INDEX TERM--GENRE/FORM |
| Genre/form data or focus term |
Antologia |
| Source of term |
DBN |
| 655 #7 - INDEX TERM--GENRE/FORM |
| Genre/form data or focus term |
Dokumenty |
| Source of term |
DBN |
| 655 #7 - INDEX TERM--GENRE/FORM |
| Genre/form data or focus term |
Miscellanea |
| Source of term |
DBN |
| 655 #7 - INDEX TERM--GENRE/FORM |
| Genre/form data or focus term |
Wydawnictwo źródłowe |
| Source of term |
DBN |
| 658 ## - INDEX TERM--CURRICULUM OBJECTIVE |
| Main curriculum objective |
Historia |
| 700 1# - ADDED ENTRY--PERSONAL NAME |
| Personal name |
Jaroszyńska-Kirchmann, Anna D. |
| Dates associated with a name |
(1960- ) |
| Relator term |
Redakcja |
| 700 1# - ADDED ENTRY--PERSONAL NAME |
| Personal name |
Pula, James S. |
| Dates associated with a name |
(1946- ) |
| Relator term |
Redakcja |
| 710 2# - ADDED ENTRY--CORPORATE NAME |
| Corporate name or jurisdiction name as entry element |
Państwowy Instytut Wydawniczy |
| Relator term |
Wydawca |
| Relationship |
pbl |
| 942 ## - ADDED ENTRY ELEMENTS (KOHA) |
| Source of classification or shelving scheme |
Other/Generic Classification Scheme |
| Koha item type |
Books |
| Suppress in OPAC |
No |